000 00499nam a2200157Ia 4500
008 190805s9999||||xx |||||||||||||| ||und||
020 _a9781870077842
_c£ 50.00
082 0 4 _a623.8829
_bB987
100 1 _aBuysee, J.
245 1 0 _aHandling Ships in Ice: a practical guide to handling class 1A and 1AS ships /
_cJ. Buysee
260 _aLondon :
_bThe Nautical Institute,
_c2007
300 _avii, 168 p.
_b : col. Ill.
_c; 30 cm.
650 0 _aIce navigation
942 _cBK
999 _c97
_d97